| 000 | 00553nam a2200169 i 4500 | ||
|---|---|---|---|
| 001 | 187144 | ||
| 003 | ES-MaACL | ||
| 005 | 20230906222827.0 | ||
| 008 | 170424s1922 gw |||| | ger d | ||
| 080 | _a908(540) | ||
| 100 | 1 |
_aBonsels, Waldemar. _930299 |
|
| 245 | 1 | 0 |
_aIndienfahrt / _cWaldemar Bonsels. |
| 260 |
_aFrankfurt am Main : _bRütten & Loening, _c1922. |
||
| 300 |
_a259 p. ; _c22 cm. |
||
| 651 | 4 |
_aIndia- _xDescripción. _98839 |
|
| 852 |
_aES-MaACL _jL-31472 _z- enc. cart. _z- Donat. herederos de la bibl. de Mª del Pilar Costa Palacín |
||
| 999 |
_c187144 _d187144 |
||